00983nam a2200229 a 4500001001000000003000500010005001700015008004100032010001100073011001100084040000900095100003800104245023400142260004100376500006000417502010900477650002200586650002500608650003200633650001800665856007000683000112415CHAP20220329144304.0160315s2016 mx a fsm |||||||spa d a108876 a109848 cCHAP1 aEspinosa Mendoza, Álvaro Daniel10aInsecticidas neonicotinoides y cyantraniliprole para el control de Bemisia argentifolii Bellows & Perring en calabacita (Variedad Grey Zucchini Westar) en los Mochis, Sinaloa /h[En línea]cpor Álvaro Daniel Espinosa Mendoza. aChapingo, Méx. :bEl autor,c2016. aPara ver el contenido del material haga clic en la liga aTesis (Ing. Agr. Esp. en Parasitología Agrícola) -- UACH. Departamento de Parasitología Agrícola14aCalabazaxPlagas.14aControl de insectos.14aInsecticidasxAplicación.14aMosca blanca. aFinding aiduhttp://10.13.5.2/tesis/sist112415.pdfzTeclea aquí